[Event "Iasi op"]
[Site "Iasi"]
[Date "2014.05.12"]
[Round "3"]
[White "Krstulovic, Alex"]
[Black "Turcu, Vasile Emanoil"]
[Result "1-0"]
[WhiteElo "2031"]
[BlackElo "1632"]
[PlyCount "55"]
[EventDate "2014.05.10"]
[EventType "swiss"]
[EventRounds "9"]
[EventCountry "ROU"]
[SourceTitle "CBM 160 Extra"]
[Source "ChessBase"]
[SourceDate "2014.07.01"]
[SourceVersion "1"]
[SourceVersionDate "2014.07.01"]
[SourceQuality "1"]

1. d4 Nf6 2. c4 g6 3. Nc3 Bg7 4. e4 d6 5. Be2 0-0 6. Bg5 Nc6 7. d5 Ne5 8. Nf3 Nxf3+ 9. Bxf3 h6 10. Be3 e5 11. dxe6 Bxe6 12. Be2 Nd7 13. Qd2 Kh7 14. 0-0 Ne5 15. b3 f5 16. f4 Ng4 17. Bxg4 fxg4 18. Bd4 a6 19. a4 Qe7 20. Rae1 Bxd4+ 21. Qxd4 Qg7 22. Qd3 Rae8 23. f5 gxf5 24. exf5 Bxf5 25. Rxf5 Qg6 26. Rxe8 Qxf5 27. Qxf5+ Rxf5 28. Re7+ 1-0